000 00384 a2200169 4500
001 189238
020 _a978-85-16-05650-6
040 _cMagnum
100 _aGastaldi, Maria VirgĂ­nia
240 1 0 _aQuem tem medo do lobo mau?
_lpor
245 1 0 _aQuem tem medo do lobo mau?
300 _a32
362 0 _a2008
440 1 _aModerna
697 _aLITERATURA INFANTO
942 _cBK
999 _c189238
_d189238